000 00706nam a2200229 a 4500
001 13919
003 BD-JhCC
005 20240515100852.0
008 240515b2021 b a|||| ||a| 000 0 b d
020 _a9789849554110
035 _a(BD-JhCC)13919
040 _aBD-JhCC
_dBD-JhCC
041 _abengali
082 _a920
_bRAS 2021
100 _aরশীদ ,মোহাম্মদ মামদুদুর
245 _aপথ চলাতেই আনন্দ /
_c মোহাম্মদ মামদুদুর রশীদ ।
260 _aঢাকা:
_bরুটস;
_c2021.
300 _a158 p. :
_bill;
_c22 cm.
650 _aBiography and Memoirs
942 _2ddc
_cBK
999 _c13919
_d13919